000 00501nam a2200181Ia 4500
999 _c8795
_d8795
003 OSt
005 20201006112650.0
008 190216s9999||||xx |||||||||||||| ||und||
020 _a8177220144
040 _coclc
082 _a005.268
_bKEL/V
100 _aKelly, Alan
_95349
245 0 _aVisual C++ In Easy Steps /
_cAlan Kelly
260 _bDreamtech Press,
_c2002.
_aNew Delhi:
300 _a189p
650 _aPhysics
942 _cBK
_2ddc
_h005.268
_iKEL/V
_k005.268
_mKEL/V